000 00605nam a2200229Ia 4500
003 OSt
005 20220925233818.0
006 a|||||r|||| 00| 0
007 ta
008 220923b |||||||| |||| 00| 0 eng d
020 _a8170245648
037 _cGeneral Book
040 _aRTL
_cRTL
_beng
041 _2eng
_aeng
245 0 _aEnvironmental implications of leather tanneries b
260 _a New Delhi
_bAshish
_c1993
300 _av, 100p^aBibliography: P 93-97
_ccm.
650 _a Leather
650 _aIndustrial Economics
942 _cGB
_2CC
999 _c594658
_d594658